|
|
|
|
| LEADER |
00000nam0a2200000 4500 |
| 001 |
276680 |
| 005 |
20231101234937.0 |
| 020 |
|
|
|a RU
|b 85-105455
|
| 035 |
|
|
|a (RuTPU)RU\TPU\book\299953
|
| 090 |
|
|
|a 276680
|
| 100 |
|
|
|a 20141125d1985 k y0rusy5003 ca
|
| 101 |
0 |
|
|a rus
|
| 102 |
|
|
|a UA
|
| 105 |
|
|
|a a z 001zy
|
| 200 |
1 |
|
|a Взрыв в грунтах и горных породах
|e сборник научных трудов
|f Академия наук Украинской ССР (АН УССР), Институт геофизики (ИГФ) ; отв. ред. Н. У. Турута
|
| 210 |
|
|
|a Киев
|c Наукова думка
|d 1985
|
| 215 |
|
|
|a 179 с.
|c граф.
|
| 320 |
|
|
|a Библиография в конце статей
|
| 606 |
1 |
|
|a Взрыв в грунте
|x Строительство
|2 stltpush
|3 (RuTPU)RU\TPU\subj\2362
|9 30941
|
| 610 |
1 |
|
|a взрывные работы
|
| 610 |
1 |
|
|a грунты
|
| 610 |
1 |
|
|a динамика
|
| 610 |
1 |
|
|a энергия
|
| 610 |
1 |
|
|a сейсморазведка
|
| 610 |
1 |
|
|a строительство
|
| 610 |
1 |
|
|a открытые горные разработки
|
| 610 |
1 |
|
|a безопасность
|
| 675 |
|
|
|a 624.132.35
|z rus
|v 3
|
| 702 |
|
1 |
|a Турута
|b Н. У.
|g Николай Ульянович
|4 340
|
| 712 |
0 |
2 |
|a Академия наук Украинской ССР (АН УССР)
|b Институт геофизики (ИГФ)
|c (Киев)
|2 stltpush
|3 (RuTPU)RU\TPU\col\13865
|
| 801 |
|
0 |
|a RU
|b RuMRKP
|c 19950704
|g psbo
|
| 801 |
|
1 |
|a RU
|b 63413507
|c 20141125
|
| 801 |
|
2 |
|a RU
|b 63413507
|c 20170331
|g RCR
|
| 942 |
|
|
|c BK
|